000 00468nam a2200205Ia 4500
005 20240823041548.0
008 240823s9999||||xx |||||||||||||| ||und||
020 _a0-333-92075-9
041 _aENGLISH
082 _A808.882 N9
100 _aAugstine A E
245 0 _aMacmillan Grammar A Handbook
250 _a1st
260 _c1999
_bMacm
500 _aTRANSFERED
650 _aGeneral
_bGeneral
700 _a Joseph K V
942 _cBK
999 _c205793
_d205793